Statistics for Every Game of Thrones character who said "winter is coming"

Click here to take the quiz!

General Stats

  • This quiz has been taken 39 times
  • The average score is 6 of 12

Answer Stats

Answer% Correct
Jon Snow
100%
Eddard Stark
93%
Arya Stark
90%
Robb Stark
86%
Catelyn Stark
72%
Benjen Stark
41%
Ramsay Bolton
28%
Stannis Baratheon
24%
Aemon Targaryen
21%
Mance Rayder
21%
Olenna Tyrell
14%
Yoren
3%

Score Distribution

Percentile by Number Answered

Percent of People with Each Score

Your Score History

You have not taken this quiz